Regionálne aspekty sociálneho a ekonomického rozvoja SR diplomová práca
Enregistré dans:
| Auteur principal: | |
|---|---|
| Collectivité auteur: | |
| Autres auteurs: | |
| Format: | Livre |
| Langue: | slovaque |
| Publié: |
Bratislava
2018
|
| Tags: |
Pas de tags, Soyez le premier à ajouter un tag!
|
MARC
| LEADER | 00000nbm a2200000 4500 | ||
|---|---|---|---|
| 001 | 0243548 | ||
| 005 | 20181010105718.0 | ||
| 041 | 0 | |a slo | |
| 044 | |a SK | ||
| 245 | 1 | 0 | |a Regionálne aspekty sociálneho a ekonomického rozvoja SR |b diplomová práca |c Bibiána Vilhanová ; školiteľ: Ľubica Hurbánková |
| 264 | 1 | |a Bratislava |c 2018 | |
| 300 | |a 76 s. | ||
| 100 | 1 | |a Vilhanová, Bibiána | |
| 700 | 1 | |a Hurbánková, Ľubica, 1980- | |
| 710 | 2 | |a Fakulta hospodárskej informatiky EU. Katedra štatistiky | |